LEADER 00743nam a2200205 i 4500 001 000000257692 003 CaOOAMICUS 005 20180319000000.0 008 180319s1796 it u000 u ita u 013 $a236600 026 $asie- adni tila pito (3) 1796 (A) 040 $aSeMil$bita 245 10$aTomo 2. 300 $a601, [3] p. 773 0 $aCarli, Alessandro <1740-1814>$tIstoria della città di Verona sino all'anno 1517. divisa in undici epoche Tomo 1. [-7.].$dVerona : Dalla Stamperia Giuliari, 1796.$g2$w()32616 850 $aSeMil 852 $aSeMil$W1$xVenegono$y1$m3V VII 215 FA$j208038$B208038$CSeMilBibl$Z2$F221574 $8I 941 1 $a10 961 $aRecupero: Mantegazza 996 $6245$aTomo 2$9(OLS)http://semarc/title/49331 LEADER 00517naa a2200145 i 4500 001 000000307621 003 CaOOAMICUS 005 20180831172919.0 008 180831n it u000 u ita u 013 $a16423 040 $aSeMil$bita 100 1 $aMineo Jannì, Mario <1846-1927>.$0(OLS)http://semarc/name/15242 245 10$aS. Carlo Borromeo :$bPanegirico. 773 0 $aBorromeo, Carlo $tMiscellanea.$d[S.l. : s.n.], [19-?]$w()106936 996 $6245$aS. Carlo Borromeo :$bPanegirico$9(OLS)http://semarc/title/382950